000 01666cam a22003495a 4500
001 L152661
002 18692
008 110411s2011 xxk f 001 0 eng d
020 _a9780080966908
035 _a(Sirsi) u152661
041 0 _aeng
050 0 4 _a332.332 $2 18
100 1 _aBaum, Andrew
245 0 4 _aThe income approach to property valuation
250 _a6th ed.
260 _aOxford
_EG Books
_c2011.
300 _axii, tables 343p. $2 3cm.
505 2 _aIntroduction and Quick start to the income approach -- Financial mathematics for valuers -- Discounted cash flow (DFC) -- Basic principles -- The income approach: freeholds -- The income approach: leaseholds -- The income approach: taxation and valuation -- Landlord and tenant -- The effect of legislation -- Development opportunities -- The profits method of valuation -- Investment analysis.
520 _aThis edition has been updates with the latest valuation techniques, including the important area of investment appraisal. It focuses on how to support an opinion of market value; the investment method of valuation and how it is applied in practice;how specific legal factors can impact on market value when they interfere with market forces and how to use spreadsheets in valuation.
520 _aSupersedes 5th ed. ISBN# 0728204649.
521 _aAdvanced.
650 2 4 _aCAPITALISATION
650 2 4 _aDISCOUNTED CASH FLOW
650 2 4 _aINVESTMENT ANALYSIS
650 2 4 _aVALUATION METHODS
650 2 4 _aValuation
_96273
651 4 _aENGLAND AND WALES
690 _aRATING AND VALUATION
700 1 _aMackmin, David
700 1 _aNunnington, Nick
942 _n0
999 _c112153
_d112153